[Event "PNWCC Masters WOO 2020"]
[Site "chess.com INT"]
[Date "2020.07.04"]
[Round "2.46"]
[White "Su, Kevin"]
[Black "Wang, Alex Yuxuan"]
[Result "0-1"]
[WhiteElo "1768"]
[BlackElo "1983"]
[WhiteFideId "30937370"]
[BlackFideId "30943876"]
[EventDate "2020.07.04"]

1. e4 c5 2. Nf3 d6 3. d4 cxd4 4. Nxd4 Nf6 5. Nc3 a6 6. h3 b5 7. g4 b4 8. Nd5
Nxd5 9. exd5 Bb7 10. Bg2 Qc7 11. O-O Nd7 12. Re1 Nb6 13. Nf5 O-O-O 14. Qd4 Rg8
15. Bg5 Re8 16. Bf4 Rd8 17. c4 Na4 18. c5 Nxc5 19. Qxb4 e5 20. dxe6 fxe6 21.
Nxd6+ Bxd6 22. Bxd6 Rxd6 23. Bxb7+ Nxb7 24. Rac1 Rc6 25. Rxc6 Qxc6 26. Qf4 Qd6
27. Qc4+ Kb8 28. Rxe6 Qd1+ 29. Kg2 Rf8 30. Re3 Qd6 31. Qe4 Qf6 32. Rf3 Qxf3+ 33.
Qxf3 Rxf3 34. Kxf3 Kc7 35. Ke4 Kd6 36. Kd4 Nc5 37. b4 Ne6+ 38. Kc4 Nf4 39. h4
Ng6 40. h5 Ne5+ 41. Kd4 Nxg4 42. f3 Nf6 43. h6 g6 44. a4 Ng8 45. Ke4 Nxh6 46.
Kf4 Nf7 47. Kg4 Ne5+ 48. Kg3 Nd3 49. b5 axb5 50. axb5 Kc5 51. Kg4 Kxb5 52. Kg5
h5 53. Kh4 Kc5 54. Kg5 Kd5 55. Kh4 Ke5 56. Kg5 Nf4 57. Kh4 Kd4 58. Kg5 Ke3 59.
Kh4 Kxf3 60. Kg5 Kg3 0-1

[Event "PNWCC Masters WOO 2020"]
[Site "chess.com INT"]
[Date "2020.07.04"]
[Round "2.47"]
[White "Le, Harry"]
[Black "Vega, Isaac"]
[Result "1-0"]
[WhiteElo "1833"]
[BlackElo "1735"]
[WhiteFideId "30927838"]
[BlackFideId "30914035"]
[EventDate "2020.07.04"]

1. d4 Nf6 2. c4 e6 3. g3 Bb4+ 4. Nd2 O-O 5. Bg2 d5 6. Nf3 b6 7. O-O Bb7 8. b3
Nbd7 9. Bb2 a5 10. a3 Be7 11. Rc1 c5 12. e3 Rc8 13. Qe2 Rc7 14. Rfd1 Qa8 15.
dxc5 bxc5 16. Ne5 Rfc8 17. cxd5 exd5 18. Bh3 Ba6 19. Qf3 Rf8 20. Nxd7 Nxd7 21.
Bxd7 Rxd7 22. Qg4 1-0

[Event "PNWCC Masters WOO 2020"]
[Site "chess.com INT"]
[Date "2020.07.04"]
[Round "2.49"]
[White "Markzon, Gregory"]
[Black "Aaron, Michael"]
[Result "1-0"]
[WhiteTitle "FM"]
[WhiteElo "2069"]
[BlackElo "1699"]
[WhiteFideId "2003694"]
[BlackFideId "30963346"]
[EventDate "2020.07.04"]

1. d4 e6 2. c4 d5 3. Nc3 c6 4. e4 dxe4 5. Nxe4 Bb4+ 6. Nc3 Nf6 7. Nf3 c5 8. a3
Bxc3+ 9. bxc3 Nc6 10. Be2 Qa5 11. O-O Qxc3 12. Bd2 Qb2 13. dxc5 Nd4 14. Nxd4
Qxd4 15. Qc2 e5 16. Be3 Qd7 17. Rfd1 Qc7 18. Rd6 O-O 19. Rad1 Be6 20. h3 Nd7 21.
Qe4 Nxc5 22. Qxe5 Rac8 23. Bd4 f6 24. Qxc5 Qxc5 25. Bxc5 Rxc5 26. Rxe6 1-0

[Event "PNWCC Masters WOO 2020"]
[Site "chess.com INT"]
[Date "2020.07.04"]
[Round "2.50"]
[White "Ji, Yunze Owen"]
[Black "Lu, Jason"]
[Result "0-1"]
[WhiteElo "1553"]
[BlackElo "2025"]
[WhiteFideId "30965276"]
[BlackFideId "30938040"]
[EventDate "2020.07.04"]

1. Nf3 Nf6 2. c4 g6 3. d4 Bg7 4. g3 d6 5. Bg2 O-O 6. Nc3 c5 7. O-O Nc6 8. dxc5
dxc5 9. Bf4 Nh5 10. Be3 Nd4 11. Qd2 Be6 12. Nd5 Rc8 13. Rad1 Nf5 14. Ng5 Nxe3
15. Qxe3 Bxd5 16. Rxd5 Qc7 17. Rfd1 Bd4 18. Qf3 e6 19. R5xd4 cxd4 20. g4 Nf4 21.
e3 dxe3 22. fxe3 h6 23. Ne4 Nxg2 24. Nf6+ Kg7 25. Nd7 Rfd8 26. Qf6+ Kg8 27. Qe7
Nxe3 28. Rd3 Nxg4 29. Rd2 Rxd7 0-1

[Event "PNWCC Masters WOO 2020"]
[Site "chess.com INT"]
[Date "2020.07.04"]
[Round "2.52"]
[White "Chang, Eddie"]
[Black "Jin, Derek"]
[Result "1/2-1/2"]
[WhiteElo "1667"]
[BlackElo "1880"]
[WhiteFideId "30960932"]
[BlackFideId "30920329"]
[EventDate "2020.07.04"]

1. d4 Nf6 2. c4 e6 3. Nc3 d5 4. cxd5 exd5 5. Bg5 Be7 6. Qc2 O-O 7. e3 Nbd7 8.
Bd3 h6 9. Bh4 c5 10. Nf3 b6 11. O-O Bb7 12. Rfd1 Ne4 13. Nxe4 Bxh4 14. Nd6 Bc6
15. Nxh4 Qxh4 16. dxc5 bxc5 17. Bb5 Bxb5 18. Nxb5 Nf6 19. Nc3 Rfd8 20. Qf5 d4
21. g3 Qg4 22. Qxg4 Nxg4 23. exd4 cxd4 24. Ne4 Rac8 25. Rac1 Rxc1 26. Rxc1 Ne5
27. Rd1 f5 28. Nc5 Kf7 29. Nd3 Kf6 30. Kg2 Rc8 31. Nb4 Rd8 32. Nd3 g5 33. f4
Nxd3 34. Rxd3 Ke6 35. Kf3 Kd5 36. Ke2 Re8+ 37. Kd2 Rg8 38. fxg5 hxg5 39. Ra3 Rh8
40. Kd3 Rxh2 41. Ra5+ Ke6 42. Kxd4 Rxb2 43. Rxa7 Rb4+ 44. Ke3 Kf6 45. Ra6+ Ke5
46. Ra5+ Kf6 47. Ra6+ Kf7 48. Ra5 Kg6 49. Ra8 Kh5 50. Kf3 Kg6 51. Ra6+ Kh5 52.
Ra8 Rc4 53. Rh8+ Kg6 54. Rg8+ Kh6 55. Rf8 Rc5 56. Rh8+ Kg7 57. Ra8 Rc3+ 58. Kf2
Kg6 59. Ra6+ Kh5 60. Ra4 Rd3 61. g4+ fxg4 62. Ra8 g3+ 63. Kg2 Kh4 64. Rb8 Rd2+
65. Kg1 Rxa2 66. Rc8 Ra5 67. Kg2 Rb5 68. Rc4+ g4 69. Rc8 Rb2+ 70. Kg1 g2 71. Rc4
Kg5 72. Rc5+ Kf6 73. Rc4 Kf5 74. Rc5+ Ke4 75. Rc4+ Kf3 76. Rc3+ Kf4 77. Rc4+ Kg3
78. Rc3+ Kh4 79. Rc4 Ra2 80. Rb4 Kh3 81. Rb3+ Kh4 82. Rb4 Ra1+ 83. Kxg2 Ra2+ 84.
Kg1 Kh3 85. Rb3+ g3 86. Rb1 Rg2+ 87. Kh1 Rc2 88. Kg1 Rc3 89. Ra1 g2 90. Rb1 Rf3
91. Ra1 Kg3 92. Ra3 Kg4 93. Ra4+ Kh3 94. Ra1 Rf1+ 95. Rxf1 gxf1=R+ 96. Kxf1 1/2-1/2

[Event "PNWCC Masters WOO 2020"]
[Site "chess.com INT"]
[Date "2020.07.04"]
[Round "2.53"]
[White "Leschinsky, Gary"]
[Black "Jiang, Leo"]
[Result "1-0"]
[WhiteElo "1888"]
[BlackElo "1592"]
[WhiteFideId "30951321"]
[BlackFideId "30952140"]
[EventDate "2020.07.04"]

1. d4 Nf6 2. c4 e6 3. Nc3 Bb4 4. f3 d5 5. a3 Bxc3+ 6. bxc3 O-O 7. cxd5 exd5 8.
e3 b6 9. Bd3 Bb7 10. Ne2 c5 11. Ng3 Nc6 12. O-O cxd4 13. cxd4 Re8 14. Ra2 Rc8
15. Bd2 Qd6 16. Qb3 h6 17. a4 Rb8 18. Ne2 Na5 19. Qb1 Bc6 20. Nc3 Nc4 21. Be1
Qe6 22. Bf2 Nd6 23. Nb5 Rb7 24. Rc1 Bxb5 25. axb5 Qd7 26. Rc6 Rc7 27. Rxc7 Qxc7
28. Qa1 Ra8 29. Bg3 Qe7 30. Bf2 Qd7 31. Qb1 Re8 32. Rc2 Rc8 33. Rxc8+ Qxc8 34.
e4 dxe4 35. fxe4 Ng4 36. e5 Nxf2 37. Kxf2 Nb7 38. Qe1 Nd8 39. Qe4 g6 40. d5 Nb7
41. e6 Qc5+ 42. Ke2 Qe7 43. Kd1 Nc5 44. exf7+ Qxf7 45. Qxg6+ Qxg6 46. Bxg6 Kg7
47. Be8 Kf6 48. Kd2 Ke5 49. Bc6 Ne4+ 50. Ke3 Nf6 51. h3 Nxd5+ 52. Bxd5 Kxd5 53.
g4 Ke5 54. h4 Kf6 55. Ke4 Ke6 56. g5 h5 57. Kf4 Kf7 58. Kf5 Kg7 59. g6 Kh6 60.
Kf6 1-0

[Event "PNWCC Masters WOO 2020"]
[Site "chess.com INT"]
[Date "2020.07.04"]
[Round "2.54"]
[White "Kozower, Ethan"]
[Black "Pradhyumna Kumar K"]
[Result "0-1"]
[WhiteElo "1562"]
[BlackElo "1844"]
[WhiteFideId "30947227"]
[BlackFideId "35081110"]
[EventDate "2020.07.04"]

1. e4 c5 2. Nf3 d6 3. d4 cxd4 4. Nxd4 Nf6 5. Nc3 a6 6. Be3 g6 7. f3 Bg7 8. Qd2
Nc6 9. O-O-O Bd7 10. g4 Rc8 11. h4 h5 12. g5 Nh7 13. Nxc6 Rxc6 14. Bd4 Bxd4 15.
Qxd4 e5 16. Qb4 Rb6 17. Qa3 Be6 18. Rh2 Qc7 19. Rhd2 Ke7 20. Nd5+ Bxd5 21. Rxd5
f6 22. gxf6+ Nxf6 23. Rxe5+ Kf7 24. Rg5 Rc8 25. c3 Re8 26. Bd3 d5 27. exd5 Qf4+
28. Kb1 Nd7 29. Rdg1 Qd2 30. Be4 Ne5 31. R5g2 Qe3 32. d6 Re6 33. d7 Red6 34. Qa4
Rxd7 35. Qc2 Rdd6 36. Rd1 Nc4 37. Bxg6+ Ke7 38. Rd3 Na3+ 39. Ka1 Nxc2+ 40. Kb1
Na3+ 41. Ka1 Qe1+ 0-1

[Event "PNWCC Masters WOO 2020"]
[Site "chess.com INT"]
[Date "2020.07.04"]
[Round "2.55"]
[White "Kumar, Naman"]
[Black "Pillai, Adithya"]
[Result "1-0"]
[WhiteElo "2115"]
[BlackElo "1663"]
[WhiteFideId "30908922"]
[BlackFideId "30937396"]
[EventDate "2020.07.04"]

1. d4 Nf6 2. c4 g6 3. Nc3 Bg7 4. e4 d6 5. Nf3 O-O 6. Be2 e5 7. d5 a5 8. O-O Na6
9. Be3 h6 10. h3 Nd7 11. a3 f5 12. b4 f4 13. Bd2 Nf6 14. c5 Rf7 15. c6 bxc6 16.
dxc6 Be6 17. Rb1 Bf8 18. Qc2 Rg7 19. Nd5 Nxd5 20. Bc4 g5 21. exd5 Bf7 22. g3 h5
23. gxf4 gxf4+ 24. Kh2 e4 25. Qxe4 Bg6 26. Qe6+ Kh7 27. Rbe1 Re7 28. Ng5+ Kg7
29. Bc3+ Kh6 30. Qf6 Rxe1 31. Nf7+ Kh7 32. Qh8# 1-0

[Event "PNWCC Masters WOO 2020"]
[Site "chess.com INT"]
[Date "2020.07.04"]
[Round "2.56"]
[White "Chen, Megan"]
[Black "Kondakov, Adrian"]
[Result "0-1"]
[BlackTitle "CM"]
[WhiteElo "1549"]
[BlackElo "1986"]
[WhiteFideId "30929121"]
[BlackFideId "30920302"]
[EventDate "2020.07.04"]

1. e4 e5 2. Nf3 Nc6 3. Bc4 Bc5 4. b4 Bxb4 5. c3 Be7 6. d4 Na5 7. Be2 d6 8. Qa4+
c6 9. dxe5 dxe5 10. Nxe5 Nf6 11. O-O b5 12. Qc2 O-O 13. Rd1 Qb6 14. Be3 Bc5 15.
Bxc5 Qxc5 16. Nd3 Qe7 17. f3 Nc4 18. Qc1 Be6 19. Nf4 Qc5+ 20. Rd4 Rad8 21. Nxe6
fxe6 22. Bxc4 bxc4 23. Qa3 Qb6 24. Kh1 Rxd4 25. cxd4 Nxe4 26. Nc3 Nf2+ 27. Kg1
Qxd4 28. Kf1 Nd3 0-1

[Event "PNWCC Masters WOO 2020"]
[Site "chess.com INT"]
[Date "2020.07.04"]
[Round "2.57"]
[White "Wang, Ze"]
[Black "Xu, Andrew"]
[Result "1-0"]
[WhiteElo "1869"]
[BlackElo "1524"]
[WhiteFideId "8615187"]
[BlackFideId "2623951"]
[EventDate "2020.07.04"]

1. e4 e5 2. Nf3 Nc6 3. Nc3 Nf6 4. d4 d6 5. dxe5 dxe5 6. Qxd8+ Kxd8 7. Bc4 Bb4 8.
Bg5 Ke7 9. O-O-O Bxc3 10. bxc3 Be6 11. Bd5 h6 12. Bh4 g5 13. Bg3 Nd7 14. Bxc6
bxc6 15. Bxe5 Bxa2 16. Bxh8 Rxh8 17. Nd4 Ne5 18. Nb3 Rb8 19. Kb2 Bxb3 20. cxb3
a5 21. Rd4 Ke6 22. Ra1 Rb5 23. Kc2 c5 24. Rda4 Nc6 25. Rd1 f6 26. f3 Ne5 27. Rd8
g4 28. f4 Nc6 29. Rh8 c4 30. Rxc4 1-0

[Event "PNWCC Masters WOO 2020"]
[Site "chess.com INT"]
[Date "2020.07.04"]
[Round "2.58"]
[White "Ho, Carter"]
[Black "Singh, Hersh"]
[Result "0-1"]
[WhiteElo "1415"]
[BlackElo "1906"]
[WhiteFideId "30965292"]
[BlackFideId "30918804"]
[EventDate "2020.07.04"]

1. e4 e5 2. Nf3 Nc6 3. Bc4 Nf6 4. d3 Be7 5. O-O O-O 6. Nbd2 d6 7. c3 Na5 8. Bb5
a6 9. Ba4 b5 10. Bc2 c5 11. d4 exd4 12. c4 Nxc4 13. Nxc4 bxc4 14. Nd2 Be6 15. f4
Bg4 16. Qe1 d3 17. Ba4 Be2 18. Rf2 Qa5 19. Bd1 Bxd1 20. Qxd1 Qb5 21. h3 Rfe8 22.
e5 Nd5 23. Qf3 Nc7 24. Ne4 d5 25. Nd6 Bxd6 26. exd6 Re1+ 27. Kh2 Ne8 28. Qxd5
Rd8 29. a4 Qb3 30. Qxc5 Nxd6 31. Qc7 Qb8 32. Qa5 Rde8 33. Qh5 Ne4 34. Rf3 d2 35.
Bxd2 Rxa1 36. Bc3 Nxc3 37. bxc3 Rae1 38. Qd5 R1e4 39. Qg5 h6 40. Qf5 Re3 41.
Rxe3 Rxe3 42. Qg4 Re4 43. Qd1 Qxf4+ 44. Kh1 Qf6 45. a5 Rf4 46. Kh2 Rf1 47. Qg4
Qf4+ 48. Qxf4 Rxf4 49. Kg3 Rf5 50. Kg4 Rxa5 51. Kf4 Rd5 52. Ke4 Rd8 53. g4 a5
54. h4 a4 55. g5 a3 56. gxh6 gxh6 57. h5 a2 58. Ke5 a1=Q 59. Kf5 Qf1+ 60. Ke5
Qe2+ 61. Kf6 Qe6# 0-1

[Event "PNWCC Masters WOO 2020"]
[Site "chess.com INT"]
[Date "2020.07.04"]
[Round "2.59"]
[White "Altman, Joshua"]
[Black "Ji, Yuze Luke"]
[Result "1-0"]
[WhiteTitle "CM"]
[WhiteElo "1926"]
[BlackElo "1337"]
[WhiteFideId "426210"]
[BlackFideId "30965284"]
[EventDate "2020.07.04"]

1. d4 Nf6 2. c4 g6 3. Nc3 Bg7 4. Nf3 O-O 5. Bg5 d6 6. e3 Nbd7 7. Be2 c5 8. d5 h6
9. Bh4 Ne8 10. Nd2 f5 11. f4 Nef6 12. Qc2 Nb6 13. a4 e5 14. O-O Bd7 15. fxe5
dxe5 16. Bg3 Ne8 17. Nb3 Rc8 18. a5 Na8 19. Rad1 Nd6 20. Bf2 Kh7 21. e4 f4 22.
Bxc5 Rf6 23. Bxd6 Rxd6 24. c5 Rf6 25. a6 b6 26. c6 Be8 27. Nb5 Nc7 28. Nxa7 Ra8
29. Nb5 Nxa6 30. Bg4 Nc7 31. Nxc7 Qxc7 32. Ra1 1-0

[Event "PNWCC Masters WOO 2020"]
[Site "chess.com INT"]
[Date "2020.07.04"]
[Round "2.61"]
[White "Wiebe, Daniel"]
[Black "Yang, Maxwell"]
[Result "1-0"]
[WhiteElo "1988"]
[BlackElo "1075"]
[WhiteFideId "2612275"]
[BlackFideId "30965268"]
[EventDate "2020.07.04"]

1. e4 c5 2. Nf3 e6 3. d4 cxd4 4. Nxd4 Nf6 5. Bd3 Nc6 6. Nxc6 bxc6 7. e5 Nd5 8.
O-O Nc7 9. c4 d5 10. Nc3 Be7 11. Qh5 Ba6 12. Rd1 g6 13. Qh6 Bf8 14. Qf4 Bg7 15.
Na4 dxc4 16. Be2 Nd5 17. Qg3 Qa5 18. b3 Nc7 19. Bb2 O-O 20. Bc3 Qb5 21. Bxc4 Qb7
22. Nc5 Qc8 23. Nd7 Rd8 24. Nf6+ Bxf6 25. exf6 Rxd1+ 26. Rxd1 Nd5 27. Be5 Bb5
28. Rd4 Qf8 29. h3 Rd8 30. Qd3 Qb4 31. Kh2 h5 32. a4 c5 33. Rh4 Bc6 34. Qg3 Kf8
35. Bxd5 Qe1 36. Rxh5 Kg8 37. Qh4 gxh5 38. Qg5+ Kf8 39. Qg7+ Ke8 40. Bxc6+ Rd7
41. Qh8# 1-0

[Event "PNWCC Masters WOO 2020"]
[Site "chess.com INT"]
[Date "2020.07.04"]
[Round "2.62"]
[White "Guo, Yu Han"]
[Black "Kunka, Harshid"]
[Result "1-0"]
[WhiteElo "1432"]
[BlackElo "1913"]
[WhiteFideId "2623870"]
[BlackFideId "30922216"]
[EventDate "2020.07.04"]

1. Nf3 Nf6 2. d4 d5 3. g3 c5 4. c4 dxc4 5. Qa4+ Nc6 6. dxc5 Be6 7. Bg2 Qa5+ 8.
Qxa5 Nxa5 9. Bd2 Nc6 10. Nc3 O-O-O 11. Ng5 Nd4 12. Rc1 g6 13. e3 Nc6 14. Nxe6
fxe6 15. Bh3 Ne5 16. Bxe6+ Kb8 17. Rc2 Bh6 18. f4 Nd3+ 19. Ke2 Nxc5 20. Bxc4 Rc8
21. Nd5 Rhe8 22. Rhc1 Nce4 23. Bb4 a6 24. Nxf6 exf6 25. Bf7 Rxc2+ 26. Rxc2 Rd8
27. Ba5 Rd7 28. Be6 Re7 29. Bd5 Nd6 30. Bb4 Rd7 31. Be6 Rd8 32. Ba5 Re8 33. Bd5
Nf5 34. Bb6 Re7 35. Kf2 Bg7 36. Rd2 Rd7 37. Ke2 Bf8 38. Bg8 Nd6 39. Be6 Rg7 40.
Bc5 Kc7 41. Rc2 Kb8 42. Rd2 Kc7 43. e4 Be7 44. Ba3 h5 45. e5 fxe5 46. fxe5 Nf5
47. Rd7+ Kc6 48. Bxf5 1-0

[Event "PNWCC Masters WOO 2020"]
[Site "chess.com INT"]
[Date "2020.07.04"]
[Round "3.1"]
[White "Bernadskiy, Vitaliy"]
[Black "Le, Quang Liem"]
[Result "0-1"]
[WhiteTitle "GM"]
[BlackTitle "GM"]
[WhiteElo "2629"]
[BlackElo "2709"]
[WhiteFideId "14100371"]
[BlackFideId "12401137"]
[EventDate "2020.07.04"]

1. d4 Nf6 2. c4 e6 3. Nc3 Bb4 4. Nf3 O-O 5. Bg5 c5 6. Rc1 cxd4 7. Nxd4 d5 8.
cxd5 Qxd5 9. Bxf6 gxf6 10. e3 Rd8 11. a3 Bxc3+ 12. Rxc3 Nc6 13. Qg4+ Kf8 14. Bc4
Qd6 15. O-O Nxd4 16. exd4 Qxd4 17. Qh5 Bd7 18. Rd1 Qe5 19. Qxh7 Bc6 20. Rcc1 Ke7
21. Re1 Rh8 22. Qxh8 Rxh8 23. Rxe5 fxe5 24. Be2 f5 25. f3 e4 26. fxe4 Bxe4 27.
Bf3 Bxf3 28. gxf3 Kd6 29. Kg2 e5 30. Rd1+ Ke6 31. Rc1 Rd8 32. Rc2 Rd3 33. h4 Kf6
34. Re2 Rb3 35. h5 Rd3 36. Kf2 Rd7 37. Kg3 Rd3 38. Kf2 Rd1 39. Kg2 b6 40. Kh2
Rd7 41. Kh3 Rd3 42. Kg2 Rd8 43. Kh3 Rd1 44. Kh2 Rd4 45. Kg3 f4+ 46. Kh4 Rd1 47.
Rh2 Rg1 48. h6 Rg6 49. Kh5 Rg5+ 50. Kh4 Rg6 51. Kh5 Rg5+ 52. Kh4 Kg6 53. Rd2
Rh5+ 54. Kg4 Rg5+ 55. Kh4 Kxh6 56. Rd7 Rh5+ 57. Kg4 Rg5+ 58. Kh4 Rg2 59. Rxa7
Kg6 60. b4 Rg3 61. Rb7 Rxf3 62. Rxb6+ Kf5 63. a4 Rg3 64. a5 Rg8 65. Kh3 f3 66.
Rb7 e4 67. Rf7+ Ke6 68. Rf4 Ke5 69. Rf7 Ke6 70. Rf4 Ke5 71. Rf7 Rb8 72. a6 Rxb4
73. Rf8 Ra4 74. Ra8 f2 75. Kg2 e3 76. Re8+ Kd4 77. Rd8+ Kc3 78. Rd1 e2 0-1

[Event "PNWCC Masters WOO 2020"]
[Site "chess.com INT"]
[Date "2020.07.04"]
[Round "3.2"]
[White "Xiong, Jeffery"]
[Black "Tabatabaei, M.amin"]
[Result "1-0"]
[WhiteTitle "GM"]
[BlackTitle "GM"]
[WhiteElo "2709"]
[BlackElo "2629"]
[WhiteFideId "2047640"]
[BlackFideId "12521213"]
[EventDate "2020.07.04"]

1. Nf3 d5 2. b3 Bf5 3. Bb2 e6 4. g3 h6 5. Bg2 Nf6 6. O-O Be7 7. d3 O-O 8. Nbd2
Bh7 9. Qe1 a5 10. a3 Na6 11. e4 c6 12. Qe3 Nd7 13. Rad1 Bc5 14. d4 Ba7 15. c4
Re8 16. Rfe1 Nc7 17. Qc3 Nf6 18. Ne5 Nd7 19. Nd3 b5 20. Rc1 dxc4 21. bxc4 e5 22.
Nf3 exd4 23. Nxd4 Bxd4 24. Qxd4 Ne6 25. Qc3 Qe7 26. c5 Red8 27. f4 Nb8 28. f5
Nd4 29. Nf4 b4 30. axb4 axb4 31. Qxb4 Na6 32. Qc4 1-0

[Event "PNWCC Masters WOO 2020"]
[Site "chess.com INT"]
[Date "2020.07.04"]
[Round "3.3"]
[White "Hakobyan, Aram"]
[Black "Vitiugov, Nikita"]
[Result "1/2-1/2"]
[WhiteTitle "GM"]
[BlackTitle "GM"]
[WhiteElo "2588"]
[BlackElo "2722"]
[WhiteFideId "13306677"]
[BlackFideId "4152956"]
[EventDate "2020.07.04"]

1. Nf3 Nf6 2. g3 g6 3. Bg2 Bg7 4. O-O O-O 5. d4 d6 6. b3 e5 7. dxe5 dxe5 8. Ba3
Qxd1 9. Rxd1 Re8 10. c4 a5 11. Nc3 Na6 12. Rac1 e4 13. Nd4 Bd7 14. h3 h5 1/2-1/2

[Event "PNWCC Masters WOO 2020"]
[Site "chess.com INT"]
[Date "2020.07.04"]
[Round "3.4"]
[White "Oparin, Grigoriy"]
[Black "Jobava, Baadur"]
[Result "1/2-1/2"]
[WhiteTitle "GM"]
[BlackTitle "GM"]
[WhiteElo "2652"]
[BlackElo "2603"]
[WhiteFideId "24125890"]
[BlackFideId "13601520"]
[EventDate "2020.07.04"]

1. Nf3 d5 2. g3 c5 3. Bg2 d4 4. c3 Nc6 5. cxd4 cxd4 6. Qa4 Qd7 7. O-O e5 8. d3
Nf6 9. Na3 Bd6 10. Nc4 Bc7 11. b4 Ne7 12. b5 Ng6 13. Ba3 Nd5 14. Qb3 Nc3 15. e3
Qxb5 16. exd4 Qxb3 17. axb3 Ne2+ 18. Kh1 Nxd4 19. Nxd4 exd4 20. Rfe1+ Kd8 21.
Bc5 Re8 22. Rxe8+ Kxe8 23. Bxd4 f6 24. Rxa7 Rxa7 25. Bxa7 Ne5 26. Nxe5 fxe5 27.
Be3 Ke7 28. Be4 h6 29. Kg2 Bd6 30. Bd5 Bf5 31. Kf3 Bxd3 32. Bxb7 Bc2 33. Bd5
Bd1+ 34. Kg2 e4 35. Bd4 g5 36. Bc3 h5 37. Kf1 h4 38. Ke1 Bf3 39. b4 g4 40. b5 h3
41. b6 e3 42. Bxf3 gxf3 43. b7 Kd7 44. fxe3 Bxg3+ 45. hxg3 h2 46. b8=Q h1=Q+ 47.
Kd2 Qg2+ 48. Kd3 f2 49. Qb5+ Kd8 50. Bf6+ Kc7 51. Be5+ Kd8 52. Qb8+ Kd7 53. Qd6+
Ke8 54. Qe6+ Kd8 55. Bf6+ Kc7 56. Qe7+ Kc6 57. Qe8+ Kb7 58. Qd7+ Ka6 59. Qc8+
Kb5 60. Qc4+ Kb6 61. Bd4+ Kb7 62. Qf7+ Kc8 63. Qe8+ Kc7 64. Be5+ Kb7 65. Qb8+
Ka6 66. Qc8+ Kb5 67. Qd7+ Ka6 68. Qd6+ Kb7 69. Qd7+ Ka6 70. Qa4+ Kb7 71. Qb5+
Kc8 72. Qb8+ Kd7 73. Qd6+ Ke8 74. Qe6+ Kd8 75. Bf6+ Kc7 76. Qe7+ Kc6 77. Qe8+
Kb7 78. Qd7+ Ka6 79. Qc8+ Kb5 80. Qc4+ Kb6 81. Bd8+ Kb7 82. Qc7+ Ka8 83. Qa5+
Kb7 84. Qb6+ Ka8 85. Qa6+ Kb8 86. Qb6+ Ka8 87. Qa6+ Kb8 88. Qb6+ Ka8 1/2-1/2

[Event "PNWCC Masters WOO 2020"]
[Site "chess.com INT"]
[Date "2020.07.04"]
[Round "3.5"]
[White "Kobalia, Mikhail"]
[Black "Sevian, Samuel"]
[Result "1/2-1/2"]
[WhiteTitle "GM"]
[BlackTitle "GM"]
[WhiteElo "2614"]
[BlackElo "2660"]
[WhiteFideId "4119150"]
[BlackFideId "2040506"]
[EventDate "2020.07.04"]

1. e4 e5 2. Nf3 Nc6 3. Bb5 a6 4. Ba4 Nf6 5. O-O Be7 6. d3 b5 7. Bb3 d6 8. a4 Bd7
9. Bd2 O-O 10. axb5 axb5 11. Nc3 Na5 12. Nd5 Nxd5 13. Bxd5 c6 14. Ba2 Nb7 15. b4
Qc8 16. c4 c5 17. Qb1 cxb4 18. Bxb4 Nc5 19. Rc1 Rb8 20. Bxc5 1/2-1/2

[Event "PNWCC Masters WOO 2020"]
[Site "chess.com INT"]
[Date "2020.07.04"]
[Round "3.6"]
[White "Indjic, Aleksandar"]
[Black "Esipenko, Andrey"]
[Result "0-1"]
[WhiteTitle "GM"]
[BlackTitle "GM"]
[WhiteElo "2618"]
[BlackElo "2682"]
[WhiteFideId "911925"]
[BlackFideId "24175439"]
[EventDate "2020.07.04"]

1. d4 Nf6 2. c4 e6 3. Nf3 d5 4. Nc3 Be7 5. Bg5 O-O 6. e3 Nbd7 7. cxd5 Nxd5 8.
Bxe7 Qxe7 9. Qb3 N5f6 10. g4 Nxg4 11. Rg1 Ngf6 12. O-O-O e5 13. Rg5 exd4 14.
Rxd4 h6 15. Rg3 Ne5 16. Nxe5 Qxe5 17. f4 Qe7 18. e4 Nh5 19. Rf3 Bg4 20. Rf2 Qh4
21. Qc2 Rad8 22. Qd2 c5 23. Rxd8 Rxd8 24. Qe3 Rd4 25. f5 Nf6 26. h3 Nxe4 27.
Nxe4 Rxe4 28. Qxe4 Qxf2 29. Bd3 c4 30. Bc2 Bxh3 0-1

[Event "PNWCC Masters WOO 2020"]
[Site "chess.com INT"]
[Date "2020.07.04"]
[Round "3.7"]
[White "Shabalov, Alexander"]
[Black "Maghsoodloo, Parham"]
[Result "0-1"]
[WhiteTitle "GM"]
[BlackTitle "GM"]
[WhiteElo "2528"]
[BlackElo "2676"]
[WhiteFideId "2008572"]
[BlackFideId "12539929"]
[EventDate "2020.07.04"]

1. e4 c5 2. Nf3 Nc6 3. d4 cxd4 4. Nxd4 e5 5. Nb5 d6 6. c4 Be6 7. b3 Nf6 8. Bd3
g6 9. O-O a6 10. N5c3 Bg7 11. Nd5 Bxd5 12. cxd5 Nd4 13. a4 O-O 14. Ba3 b5 15.
Nd2 Rc8 16. axb5 axb5 17. Bb4 Qb6 18. Ra5 Nd7 19. Nf3 Ra8 20. Nxd4 Rxa5 21. Bxa5
Qxd4 22. b4 Nf6 23. Qc2 h5 24. Bxb5 Rb8 25. Bc6 Rxb4 26. Bxb4 Qxb4 27. f3 Bh6
28. Kh1 h4 29. g3 Be3 30. Kg2 Kg7 31. Rb1 Qa5 32. Qe2 Bc5 33. Kh3 Qd8 34. Rb7
Qh8 35. Kg2 Qh6 36. Rb1 Qg5 37. Qe1 Nh5 38. Bb5 hxg3 39. hxg3 Nf4+ 40. Kf1 Qh5 0-1

[Event "PNWCC Masters WOO 2020"]
[Site "chess.com INT"]
[Date "2020.07.04"]
[Round "3.8"]
[White "Vokhidov, Shamsiddin"]
[Black "Demchenko, Anton"]
[Result "1-0"]
[WhiteTitle "GM"]
[BlackTitle "GM"]
[WhiteElo "2512"]
[BlackElo "2641"]
[WhiteFideId "14204223"]
[BlackFideId "4160258"]
[EventDate "2020.07.04"]

1. e4 e5 2. Nf3 Nc6 3. Bb5 a6 4. Ba4 Nge7 5. c3 d6 6. d4 Bd7 7. O-O Ng6 8. d5
Nb8 9. c4 Be7 10. Nc3 O-O 11. Bxd7 Qxd7 12. Qc2 f5 13. exf5 Qxf5 14. Qxf5 Rxf5
15. Be3 Nd7 16. Ne4 Nf4 17. Bxf4 exf4 18. Rfe1 Ne5 19. Nd4 Rf7 20. b3 Nd3 21.
Red1 Nc5 22. Nxc5 dxc5 23. Ne6 Bd6 24. Re1 a5 25. Re4 h6 26. g3 fxg3 27. hxg3 a4
28. Rae1 axb3 29. axb3 g5 30. Kg2 b6 31. R1e2 Kh7 32. f4 gxf4 33. gxf4 Ra3 34.
R4e3 Ra1 35. Re1 Ra2+ 36. Kf3 Rh2 37. Rg1 Rh4 38. Rg4 Rxg4 39. Kxg4 Kg6 40. Rh3
Rh7 41. Rh5 Rh8 42. f5+ Kf6 43. Ng5 Bf8 44. Ne4+ Kf7 45. Rh2 Rg8+ 46. Kf3 Rg1
47. Ra2 Rf1+ 48. Ke2 Rxf5 49. Ra7 h5 50. Rxc7+ Ke8 51. Rb7 h4 52. Rh7 Be7 53.
Rxh4 Bxh4 54. Nd6+ Kd7 55. Nxf5 Bf6 56. Kd3 Bg5 57. Kc2 Bf6 58. Kb1 Bc3 59. Ka2
Bb4 60. Ne3 Kd6 61. Nc2 Bd2 62. Na3 Kd7 63. Kb2 Be1 64. Nb5 Bb4 65. Kc2 Be1 66.
Kd3 Bg3 67. Ke4 Bh2 68. Kf5 Bg3 69. Kf6 Bh4+ 70. Kf7 Bg3 71. Nc3 Bh2 72. Ne4 Be5
73. Ng5 Bh2 74. Nh7 Be5 75. Nf8+ Kd6 76. Ke8 b5 77. Kd8 bxc4 78. bxc4 Bh2 79.
Kc8 Ke5 80. Nd7+ Kd6 81. Nb6 Bg3 82. Kb7 Bh2 83. Nc8+ Kd7 84. Na7 Bc7 85. Ka6
Bb8 86. Kb6 Bh2 87. Nc6 Kd6 88. Nd8 Bg1 89. Nb7+ Ke5 90. Kc6 Kd4 91. d6 Bf2 92.
d7 Bh4 93. Kb5 Ke5 94. d8=Q Bxd8 95. Nxd8 1-0